000
00278nam a2200121Ia 4500
008
190216s9999||||xx |||||||||||||| ||und||
100
_a
James Af Stoner
245
0
_a
Management
260
_b
Allied Publishers Limited
_c
1982
300
_a
683p
650
_a
Commerce
942
_c
BK
999
_c
4855
_d
4855